000 00556nam a2200157Ia 4500
008 160316s1999 xxu||||| |||| 00| 0 eng d
082 _a337.100000
_bSAA
100 _a
245 _aSAARC survey of development and cooperation 1998-99
250 _a
260 _aNew Delhi
_bResearch & Information System
_c1999
300 _a163p
_b
_c
365 _bRs.300
650 _a1. International Economic Co-operation - SAARC Countries 2. Economic Development - SAARC Countries -A Survey 3. Economic Co-operation - SAARC Countries - A Survey
700 _a
_a
999 _c13774
_d13774